000 00323nam a2200133Ia 4500
008 150201s2006 xx 000 0 und d
082 _a612
_bE06J
100 _aJOHNSON,LEONAD R
245 _aESSENTIAL MEDICAL PHYSIOLOGY
250 _a3RD
260 _bELSEVIER
_aDELHI
_c2006
650 _aHUMAN PHYSIOLOGY
942 _2ddc
_cBK
999 _c914
_d914